| 000 | 00000nam##2200000za#4500 |
| 001 | 9.697979 |
| 003 | CaOODSP |
| 005 | 20210624235724 |
| 007 | cr ||||||||||| |
| 008 | 150407|2004||||xxc|||||o f|0| 0 eng|d |
| 040 | |aCaOODSP|beng |
| 043 | |an-cn--- |
| 086 | 1 |aEn4-198/2004E-PDF |
| 110 | 1 |aCanada. |bEnvironment Canada. |bAudit and Evaluation Branch. |
| 245 | 10|aMSC – DSO evaluation of financial flexibilities |h[electronic resource] |
| 260 | |aGatineau - Quebec : |bEnvironment Canada. |cNovember 2004. |
| 300 | |a16p.|btables |
| 590 | |a13-14-Supp|b2013-05-30 |
| 690 | 07|aFinancial services|2gcpds |
| 775 | 08|tÉvaluation des assouplissements financiers accordés au SMC – OSM |w(CaOODSP)9.641974 |
| 856 | 40|ahttp://publications.gc.ca|qPDF|s79 KB|uhttps://publications.gc.ca/collections/collection_2013/ec/En4-198-2004-eng.pdf |